【プロ野球】 2026年 福岡ソフトバンクホークス 応援歌 - Statistics

General Stats
  • This quiz has been taken 9 times
  • The average score is 24 of 33
Answer Stats
応援歌 選手名 % Correct
極めた技で 打球が冴え渡る 遥か夢追い求めて 頂へと進め 近藤健介
100%
鮮烈な一打を 放てスタンドの彼方へ 一振りで決めるぞ 高く遠く飛ばせ 山川穂高
100%
生まれ持つセンス 風を切り走れ 空高く飛ばせ 柔らかなリストで 今宮健太
100%
新たな扉を 今から開け 愛する男さ 〇〇〇〇 中村晃
100%
光のような足と 突き刺すようなスロー いざ一振り決めて 輝け〇〇 柳田悠岐
100%
狙い研ぎ澄まし 殊勲の一打を 高らかに放て 〇〇の一振りで 正木智也
100%
ラララ~ 〇〇 君の出番だ(Let's go!!) オオオ~(オイ!)掴めVictory ダウンズ
86%
みなぎるそのエナジー 轟け地の果てまで 縦横無尽に駆け抜け 男になれ 牧原大成
86%
我らが待ち望む 勝利を手にする為 多彩な持ち球を 繰り出せ〇〇 上沢直之
86%
光のその先切り拓け 鷹の勇者(ヒーロー) たゆまぬ努力で さぁ時代を築け
志ひとつに 行けスピードソルジャー
周東佑京
86%
輝く時だ 後世に語り継がれる 伝説を今から 作れよ〇〇 栗原陵矢
86%
高い位置から 速いボールで 敵を追い込み 勝利を掴め 杉山一樹
86%
鋭い打球飛ばし 鋭い肩で魅せろ 今こそ本当(マジ)決めろよ さぁ〇〇行け  谷川原健太
86%
ほとばしる汗の中 歓声を胸に秘め 男なら今ここで 勝つんだ〇〇 大関友久
86%
歓声背に受け 熱い想い胸に秘め 攻守に輝き 勝利へ導け 海野隆司
86%
ここで見せろ力強く 敵を凌駕する一撃 全速前進フルスピードで 勇ましく走れ 野村勇
86%
風の如く駆け抜け グラブ捌き魅せるぜ 快音を響かせ バットも魅せるぜ 川瀬晃
71%
立ち向かえよ 勝利の為 この地に今輝いて 高み目指せ 東浜巨
71%
制球乱れなく 緩急手繰る腕 青き翼を広げ羽ばたけ 魅せろ多彩な魔球 大津亮介
71%
熾烈な争いを 勝ち上がる為 闘う男の一振り 華麗に打ち捌け 柳町達
71%
辛い時を乗り超えて 来たぞ夢の舞台 心ひとつに腕を振り抜き 勝利へ導けよ 藤井皓哉
71%
鍛えたその腕を 自信持って振り抜き 揺るがぬ覚悟胸に 〇〇輝け 松本晴
71%
男勝負の時だ 思い切り投げ込め 気迫あふれる闘志で 勝利へ導け 津森宥紀
57%
高み目指す男よ 立ち上がれさぁ 〇〇〇〇今こそ 強く闘え 嶺井博希
57%
夢を賭けた マウンドで〇〇〇〇よ 今見せてやれ 尾形崇斗
57%
夢追いかけ ボールを投げ込め 行けダイヤモンド駆け抜け 今〇〇魅せろよ 緒方理貢
57%
胸元突き刺す 速い球みせ 決めろその球で 敵を討ち取れ 松本裕樹
57%
魂込めて ボールを投げ込め 果敢に攻めて 勝利へ導け 大山凌
43%
気迫溢れる その球で 行けよ〇〇  ひたむきに 長谷川威展
43%
恐れるな 立ち向かえ 気持ち見せろ 仲間を信じて 全て賭け闘え 右投げ投手
43%
抑えるチャンス 物にするぞ この腕で 必ず掴むぞ 左投げ投手
43%
待ちわびたその場所で 真の力を解け 限界超えるその日まで 夢の道繋げろ 右打席野手
29%
今舞台が出来たぞ お前が輝く 最高の瞬間 羽ばたけ 左打席野手
29%
No matching quizzes found
Score Distribution
Percent of People with Each Score
Percentile by Number Answered
Your Score History
You have not taken this quiz